| 000 | 00465nam a2200169 4500 | ||
|---|---|---|---|
| 005 | 20250902112630.0 | ||
| 008 | 250902b |||||||| |||| 00| 0 eng d | ||
| 040 | _aMAIN | ||
| 082 |
_a301.412 _bY11W |
||
| 100 | _aYadav, Rajni | ||
| 245 | _aWomen migrant labour in construction work: A sociological study | ||
| 260 |
_bDepartment of Sociology, M D University, Rohtak _c2024 |
||
| 300 | _a258 | ||
| 650 | _aSociology | ||
| 700 | _aDahiya, Preeti | ||
| 942 | _cTH | ||
| 999 |
_c393499 _d393499 |
||